Combinatorial optimization : annotated bibliographies /

Guardado en:
Autor Corporativo: Summer School on Combinatorial Optimization
Otros Autores: O'hEigeartaigh, M. (Editor ), Lenstra, J. K. (Editor ), Rinnooy Kan, A. H. G., 1949- (Editor )
Formato: Libro
Idioma:English
Publicado: Amsterdam : Chichester : Centre for Mathematics and Computer Science ; Wiley, c1985.
Materias:
Etiquetas: Agregar Etiqueta
Sin Etiquetas, Sea el primero en etiquetar este registro!
LEADER 01858pam a2200277 a 4500
001 MAT.inmabb003102
008 840228s1985####ne#######b####101#0#eng##
005 20130326151106.0
245 0 0 |a Combinatorial optimization :  |b annotated bibliographies /  |c edited by M. O'hEigeartaigh, J. K. Lenstra, A. H. G. Rinnooy Kan. 
260 |a Amsterdam :  |b Centre for Mathematics and Computer Science ;  |a Chichester :  |b Wiley,  |c c1985. 
300 |a 204 p. ;  |c 23 cm. 
500 |a "The result of a summer school on combinatorial optimization that was held in Dublin from July 4 until July 15, 1983." 
500 |a "A Wiley-Interscience publication." 
500 |a Incluye índice de autores. 
505 0 |a 1. M. Grötschel, Polyhedral combinatorics -- 2. G. L. Nemhauser, Duality for integer optimization -- 3. L. E. Trotter, Jr., Discrete packing and covering -- 4. E. L. Lawler, Submodular functions and polymatroid optimization -- 5. C. H. Papadimitriou, Computational complexity -- 6. R. M. Karp, J. K. Lenstra, C. J. H. McDiarmid and A. H. G. Rinnooy Kan, Probabilistic analysis -- 7. F. Maffioli, M. G. Speranza and C. Vercellis, Randomized algorithms -- 8. G. A. P. Kindervater and J. K. Lenstra, Parallel algorithms -- 9. R. T. Wong, Location and network design -- 10. N. Christofides, Vehicle routing -- 11. J. K. Lenstra and A. H. G. Rinnooy Kan, Sequencing and scheduling -- 12. Susan Powell, Software. 
510 4 |a MR,  |c 87h:90124 
020 |a 0471904902 (pbk.) 
700 1 |a O'hEigeartaigh, M.  |4 edt 
700 1 |a Lenstra, J. K.  |4 edt 
700 1 |a Rinnooy Kan, A. H. G.,  |d 1949-  |4 edt 
711 2 |a Summer School on Combinatorial Optimization  |d (1983 :  |c Dublin) 
650 0 |a Combinatorial optimization  |x Bibliography. 
084 |a 90Cxx (00A15 05-00 68-00)  |2 msc2000 
010 |a  84005081  
040 |a DLC  |c DLC  |d DLC 
859 |h 90  |i C731  |p A-6137  |b BIB. MATEMATICA